000 00830nam a2200229Ii 4500
003 JO-AjNU
008 230605s9999||||xx |||||||||||||| ||und||
017 _a2011/14720
020 _a978-977-410-256-6
040 _aJO-AjNU
_bara
_erda
_cJO-AjNU
041 _aara
050 1 4 _aHG3368.A6.M356 2012
100 3 _aالمكاوي، محمد محمود,
_eauthor
_944033
245 0 0 _aادارة المخاطر في البنوك الاسلامية
250 _aط1
264 3 1 _aمصر: المكتبة العصرية للنشر والتوزيع، 2012
300 _a343ص
_bيحتوي على ببلوغرافية من 336-343ص
336 _atext
_btxt
_2rdacontent
337 _aunmediated
_bn
_2rdamedia
338 _avolume
_bnc
_2rdacarrier
650 4 _aادارة المخاطر - البنوك الاسلامية
_944034
999 _aA18977
_c22545
_d22545